|
|
|
|
| LEADER |
00975nab#a2200313#ar4500 |
| 001 |
000074422 |
| 003 |
SVKKK |
| 005 |
20041207xxxxxxx. |
| 008 |
06 c xo huno |
| FMT |
|
|
|
| 038 |
|
|
|a SVKKK
|
| 040 |
|
|
|a SVKKK
|b slo
|e AACR2
|
| 041 |
0 |
|
|a hun
|
| 044 |
|
|
|a xo
|c SK
|
| 080 |
|
|
|a 374
|
| 100 |
0 |
|
|a Az elnökség
|4 aut
|
| 242 |
1 |
0 |
|a Pozvánka
|
| 245 |
1 |
0 |
|a Meghivás
|c Az elnökség
|
| 500 |
|
|
|a mikrofilm
|
| 520 |
2 |
|
|a Osvetový spolok Zemplínskej župy zvoláva prostredníctvom grófa Gejzu Andrášiho (Géza Andrássy) členov na mimoriadnu výročnú schôdzu (Témy: EMKE, Rumunský pakt).
|
| 650 |
0 |
4 |
|a Osvetový spolok Zemplínskej župy - Andráši, Gejza (gróf) (zvolávateľ) - Sátoraljaujhely (HU) - 10.02.1914 - správy
|
| 773 |
0 |
|
|t Felvidéki Hirlap
|g Roč. 7, č. 6 (08.02.1914) s. 3
|
| 957 |
|
|
|a Sátoraljaujhely (HU)
|
| 958 |
|
|
|a DG
|
| 958 |
|
|
|a SK
|
| 974 |
|
|
|a Ba
|d 20041207
|
| 992 |
|
|
|a RBX
|
| BAS |
|
|
|
| 998 |
|
|
|a RETRO
|